Chansons les plus streamées : Lio - Statistiques

Statistiques générales
  • Ce quiz a été pris 16 fois
  • Le résultat moyen est 4 sur 10
Statistiques - réponses
Nb de streams Chanson % Correct
10 500 000 Le Banana Split
100%
2 000 000 Fallait pas commencer
91%
5 500 000 Les brunes comptent pas pour des prunes
91%
5 000 000 Amoureux solitaires
55%
150 000 Tétéou (avec Jacky)
18%
100 000 La reine des pommes
9%
600 000 Les matins de Paris (avec Teki Latex)
9%
800 000 Sage comme une image
9%
800 000 Sage comme une image - Long Version
9%
150 000 You Go To My Head
9%
Aucun quiz correspondant
Distribution des résultats
% des personnes avec chaque résultat
Percentile par nombre de réponses
Votre historique - résultats
Vous n’avez pas pris ce quiz